Score 0/45 Timer 09:00
0 Plays Today
question answer % Correct
An 80's movie starring this personDirty Dancing
89.8%
An 80's movie starring this personRisky Business
89.5%
Name a hit song from the albumWanna Be Startin' Somethin'
89.2%
Name the movie with this characterBack to the Future
88.3%
An 80's movie starring this personSixteen Candles
87.5%
An 80's movie starring this person48 hrs
86.9%
Name any main character (first name)Sam
86.3%
Family surnameHuxtable
85.4%
What 80's movie was this song in?Top Gun
83.4%
Name a band member (last name)George Michael
80.5%
Name any main character (first name)Dorothy
78.7%
Family surnameKeaton
75.5%
Name their tv professionDetective
74.1%
Name the movie with this characterDie Hard
73.5%
Name their tv professionShoe salesman
72%
Name an album released in the 80s byLike a Virgin
69.4%
Name any main character (first name)Harry
69.1%
Name their tv professionHousekeeper
63.6%
Name the movie with this characterAliens
63.3%
Family surnameSeaver
62.4%
Name the movie with this characterFast Times at Ridgemont High
62.4%
Name their tv professionMechanic
61.2%
Name any main character (first name)Balki
60.6%
question answer % Correct
Name a band member (last name)Jonathan Knight
60.1%
An 80's movie starring this personAbout Last Night
59.2%
Name the movie with this characterScarface
58%
What 80's movie was this song in?Footloose
56.9%
What 80's movie was this song in?Ferris Bueller's Day Off
56.6%
Name a hit song from the albumI Think We're Alone Now
55.7%
Name their tv professionDry cleaning business owner
54.5%
Name an album released in the 80s byWomen and Children First
48.4%
Name a hit song from the albumEvery Breath you Take
46.9%
Name a band member (last name)Bobby Brown
46.6%
What 80's movie was this song in?Say Anything
45.2%
What 80's movie was this song in?An Officer and a Gentleman
44.6%
Name an album released in the 80s bySports
39.9%
Name an album released in the 80s byControl
37.9%
Name a band member (last name)Susanna Hoffs
37%
Name a hit song from the albumPhotograph
36.4%
Name a band member (last name)David Byrne
35.6%
Family surnameTanner
30.3%
Name any main character (first name)Kip
23.9%
Name a hit song from the albumKarma Chameleon
20.1%
Name an album released in the 80s byPanorama
19.8%
Family surnameStratton
12%
Remove Ads.
Support Sporcle.
Get the best of Sporcle when you Go Orange. This ad-free experience offers more features, more stats, and more fun while also helping to support Sporcle. Thank you for becoming a member.

You're not logged in!

Compare scores with friends on all Sporcle quizzes.
OR
Log In

Show Comments

Extras

Top Quizzes Today


Score Distribution

Your Account Isn't Verified!

In order to create a playlist on Sporcle, you need to verify the email address you used during registration. Go to your Sporcle Settings to finish the process.

Report this User

Report this user for behavior that violates our Community Guidelines.

Details: